00442nam a2200157Ia 450000500170000000800460001703700120006304000210007504100130009608400190010910000400012824500400016825000060020826000540021430000160026820250508154447.0008 250505s9999 xx 000 0 eng d aTextual aFEDL bengcFEDL aeng2eng a401, TARqFEDL aTaraporewala Irach Jehangir Sorabji 0aElements of the science of language a3 aCalcutta, IndiabCalcutta University Press c1962 axxxiii,650p